[Event "Magistral Endesa Norma GM"]
[Site "Santiago de Chile CHI"]
[Date "2007.10.08"]
[Round "1.1"]
[White "Ricardi, Pablo"]
[Black "Rojas Keim, Luis"]
[Result "1/2-1/2"]
[WhiteElo "2519"]
[BlackElo "2358"]
[PlyCount "116"]
[EventDate "2007.10.08"]
[EventType "tourn"]
[EventRounds "9"]
[EventCountry "CHI"]
[EventCategory "7"]
[Source "lmi"]
[SourceDate "2007.10.08"]

1. c4 c6 2. e4 d5 3. exd5 cxd5 4. d4 Nf6 5. Nc3 e6 6. Nf3 Be7 7. cxd5 Nxd5 8.
Bd3 O-O 9. O-O Nc6 10. Re1 Bf6 11. Be4 Nce7 12. Ne5 Bd7 13. Qh5 g6 14. Qf3 Bg7
15. Bg5 f6 16. Nxd5 Nxd5 17. Bxd5 fxg5 18. Qb3 Bxe5 19. Bxe6+ Kh8 20. dxe5 Bxe6
21. Qxe6 Qd4 22. Rad1 Qxf2+ 23. Kh1 Rad8 24. h3 Rd2 25. Qg4 Rfd8 26. e6 h5 27.
e7 Qxe1+ 28. Rxe1 hxg4 29. exd8=Q+ Rxd8 30. hxg4 Rd7 31. Re5 Kg7 32. Rxg5 Kf6
33. Rb5 a6 34. Rb6+ Kg5 35. Kh2 Rd2 36. Kg3 Rd3+ 37. Kf2 Rd7 38. b3 Rc7 39. a4
Rg7 40. Kf3 Rf7+ 41. Ke3 Rd7 42. Rb4 Re7+ 43. Kf3 Rf7+ 44. Kg3 Rd7 45. Kf3 Rf7+
46. Ke3 Re7+ 47. Kd3 Kh4 48. a5 Kg3 49. g5 Re5 50. Rxb7 Rxa5 51. Rb6 Rxg5 52.
Rxa6 Kxg2 53. b4 Rg3+ 54. Kc4 g5 55. Rg6 g4 56. b5 Kf3 57. Rf6+ Ke3 58. Rf8 Rf3
1/2-1/2

[Event "Magistral Endesa Norma GM"]
[Site "Santiago de Chile CHI"]
[Date "2007.10.08"]
[Round "1.2"]
[White "Lopez Silva, Hugo"]
[Black "Vasquez Schroder, Rodrigo"]
[Result "0-1"]
[WhiteElo "2389"]
[BlackElo "2522"]
[PlyCount "208"]
[EventDate "2007.10.08"]
[EventType "tourn"]
[EventRounds "9"]
[EventCountry "CHI"]
[EventCategory "7"]
[Source "lmi"]
[SourceDate "2007.10.08"]

1. e4 c5 2. c4 Nc6 3. Ne2 g6 4. d4 cxd4 5. Nxd4 Bg7 6. Be3 Nf6 7. Nc3 Ng4 8.
Qxg4 Nxd4 9. Qd1 Ne6 10. Qd2 Qa5 11. Rc1 b6 12. Be2 Bb7 13. f3 g5 14. b3 h5 15.
Nd5 Qxd2+ 16. Kxd2 h4 17. g3 Be5 18. Rcf1 d6 19. f4 hxg3 20. hxg3 Rxh1 21. Rxh1
gxf4 22. gxf4 Bxd5 23. cxd5 Nxf4 24. Bb5+ Kf8 25. Bc6 Rb8 26. Bxf4 Bxf4+ 27.
Kd3 Kg7 28. Rf1 Bg5 29. Rh1 b5 30. b4 Rb6 31. Rg1 Kg6 32. a4 bxa4 33. Kc4 a3
34. Ra1 Bd2 35. b5 a6 36. Rxa3 axb5+ 37. Bxb5 Rb8 38. Rf3 Be1 39. e5 dxe5 40.
Re3 Bh4 41. Rxe5 f5 42. d6 exd6 43. Re6+ Kg5 44. Rxd6 Bg3 45. Rd5 Kf6 46. Kd3
Be5 47. Ke2 Rh8 48. Rd3 Rh2+ 49. Kf1 Rb2 50. Bc6 Bb8 51. Bd5 Ba7 52. Rf3 Ke5
53. Bc6 f4 54. Ba8 Be3 55. Bc6 Kd4 56. Rh3 Kd3 57. Bf3 Rb1+ 58. Kg2 Rg1+ 59.
Kh2 Rg7 60. Bc6 Ke2 61. Bb5+ Kf2 62. Bc6 Rg6 63. Bd5 Rd6 64. Bb7 Rd2 65. Rf3+
Ke2 66. Kg2 Rd6 67. Kh3 Rg6 68. Be4 Rg7 69. Bc6 Kd3 70. Bd5 Kd4 71. Bc6 Rc7 72.
Ba8 Ke5 73. Kg2 Rc2+ 74. Kf1 Kd4 75. Rh3 Rf2+ 76. Ke1 Ra2 77. Bf3 Kd3 78. Kf1
Rb2 79. Bd5 Rb5 80. Bf3 Rg5 81. Bg2 Rg7 82. Rh1 Rg6 83. Rh3 Rg8 84. Rh1 Rb8 85.
Bf3 Rb2 86. Rh3 Rb1+ 87. Kg2 Rg1+ 88. Kh2 Rg5 89. Bb7 Ke2 90. Ba6+ Ke1 91. Bb7
Rb5 92. Bg2 Bf2 93. Rf3 Rh5+ 94. Bh3 Be3 95. Kg2 Rg5+ 96. Kh2 Ke2 97. Bg2 Bf2
98. Rb3 Rh5+ 99. Rh3 Bg3+ 100. Kg1 Rg5 101. Bf1+ Ke3 102. Kg2 f3+ 103. Kh1 Kf2
104. Bc4 Rc5 0-1

[Event "Magistral Endesa Norma GM"]
[Site "Santiago de Chile CHI"]
[Date "2007.10.08"]
[Round "1.3"]
[White "Valenzuela Fuentealba, Luis"]
[Black "Valdes Escobar, Alvaro"]
[Result "1-0"]
[WhiteElo "2434"]
[BlackElo "2354"]
[PlyCount "137"]
[EventDate "2007.10.08"]
[EventType "tourn"]
[EventRounds "9"]
[EventCountry "CHI"]
[EventCategory "7"]
[Source "lmi"]
[SourceDate "2007.10.08"]

1. d4 e6 2. c4 Nf6 3. Nf3 b6 4. a3 Bb7 5. Nc3 d5 6. Bg5 Be7 7. Qa4+ c6 8. Bxf6
Bxf6 9. cxd5 exd5 10. g3 O-O 11. Bg2 Re8 12. O-O Na6 13. Rad1 Nc7 14. Rfe1 g6
15. h4 Bg7 16. e3 h6 17. Qc2 Qd7 18. e4 Rad8 19. exd5 cxd5 20. Ne5 Qd6 21. h5
g5 22. Qf5 Qf6 23. Qf3 Bc8 24. Re3 Bf5 25. Qe2 Qd6 26. Qf3 Be6 27. Rde1 b5 28.
Bf1 a6 29. Bd3 Re7 30. Ng4 Bxg4 31. Qxg4 Rxe3 32. Rxe3 Re8 33. Kg2 Re6 34. Rf3
Ne8 35. Rf5 Qb6 36. Qf3 Qxd4 37. Rxf7 Rf6 38. Rxf6 Nxf6 39. Qf5 Qc5 40. Ne4 Qc6
41. Nxf6+ Qxf6 42. Qxd5+ Kh8 43. b4 Bf8 44. Bg6 Be7 45. Bd3 Kg7 46. Qe4 Kf8 47.
Bc2 Bd8 48. Qa8 Ke7 49. Qb7+ Kf8 50. Qc8 Ke7 51. Bf5 Qd6 52. Be4 Qe6 53. Qb7+
Kf6 54. Bc6 Ke5 55. Qxa6 Kd4 56. Qxb5 Be7 57. a4 Qd6 58. a5 Qxb4 59. Qxb4+ Bxb4
60. a6 Bc5 61. f4 gxf4 62. gxf4 Ba7 63. Kf3 Kc5 64. Bb7 Kd6 65. Ke4 Ke6 66.
Bc8+ Kd6 67. Bh3 Bb8 68. Bg4 Kc6 69. f5 1-0

[Event "Magistral Endesa Norma GM"]
[Site "Santiago de Chile CHI"]
[Date "2007.10.08"]
[Round "1.4"]
[White "Flores Rios, Mauricio"]
[Black "Alonso, Salvador"]
[Result "1-0"]
[WhiteElo "2417"]
[BlackElo "2403"]
[PlyCount "169"]
[EventDate "2007.10.08"]
[EventType "tourn"]
[EventRounds "9"]
[EventCountry "CHI"]
[EventCategory "7"]
[Source "lmi"]
[SourceDate "2007.10.08"]

1. e4 c5 2. Nf3 Nc6 3. d4 cxd4 4. Nxd4 g6 5. c4 Bg7 6. Be3 Nf6 7. Nc3 O-O 8.
Be2 d6 9. O-O Nxd4 10. Bxd4 Bd7 11. Qd2 Bc6 12. f3 a5 13. b3 Nd7 14. Be3 Nc5
15. Rab1 Qb6 16. Kh1 Rfc8 17. Rfc1 Qd8 18. a3 a4 19. bxa4 Nxa4 20. Nd5 Bxd5 21.
cxd5 Nc3 22. Rxb7 Rxa3 23. Bf1 Bf6 24. Rb6 Qd7 25. Qb2 Raa8 26. Qb3 Qa4 27.
Qxa4 Rxa4 28. Rc6 Rca8 29. R6xc3 Bxc3 30. Rxc3 Ra1 31. Kg1 f6 32. Kf2 R8a2+ 33.
Be2 Rb1 34. Rc1 Rbb2 35. Re1 Kf7 36. f4 Ra4 37. Kf3 Ra3 38. g3 Kg7 39. Kf2 Ra4
40. Kf3 Ra3 41. h3 h6 42. Bd1 Rb1 43. Ke2 Rb2+ 44. Kf1 Rb1 45. Bf2 Ra2 46. Bf3
Rb3 47. Re2 Ra1+ 48. Kg2 Kf7 49. Bg4 Rba3 50. Be6+ Kg7 51. Rb2 R1a2 52. Rxa2
Rxa2 53. Kf3 Ra3+ 54. Be3 Rc3 55. Ke2 Ra3 56. Bg4 Ra2+ 57. Kf3 Ra3 58. Bd7 Rc3
59. h4 Ra3 60. Bh3 Rc3 61. Be6 Ra3 62. e5 Rc3 63. exf6+ exf6 64. Bd7 Kf7 65.
Bh3 Ke7 66. Be6 Ra3 67. g4 Rb3 68. Ke4 Ra3 69. h5 Ra4+ 70. Bd4 gxh5 71. gxh5
Rb4 72. Ke3 Ra4 73. Kd3 Ra3+ 74. Bc3 Ra4 75. Bd2 Ra3+ 76. Ke4 Ra2 77. Bc3 Rh2
78. Kf5 Rxh5+ 79. Kg6 Rh1 80. Bxf6+ Ke8 81. f5 h5 82. Bg5 h4 83. f6 Rg1 84. f7+
Kf8 85. Kh5 1-0

[Event "Magistral Endesa Norma GM"]
[Site "Santiago de Chile CHI"]
[Date "2007.10.08"]
[Round "1.5"]
[White "Valiente, Cristobal"]
[Black "Hellsten, Johann"]
[Result "0-1"]
[WhiteElo "2275"]
[BlackElo "2534"]
[PlyCount "72"]
[EventDate "2007.10.08"]
[EventType "tourn"]
[EventRounds "9"]
[EventCountry "CHI"]
[EventCategory "7"]
[Source "lmi"]
[SourceDate "2007.10.08"]

1. c4 e5 2. Nc3 Nf6 3. Nf3 Nc6 4. g3 Bc5 5. Bg2 d6 6. O-O a6 7. d3 h6 8. a3 O-O
9. b4 Ba7 10. e3 Be6 11. h3 Qd7 12. Kh2 Ne7 13. Qe2 Ng6 14. d4 exd4 15. Nxd4
Bxd4 16. exd4 Rae8 17. Be3 d5 18. c5 Ne4 19. Nxe4 dxe4 20. h4 Bg4 21. f3 exf3
22. Bxf3 Bxf3 23. Qxf3 Ne7 24. Rae1 Nd5 25. Bf4 c6 26. Bd6 Rxe1 27. Rxe1 Re8
28. Re5 Rxe5 29. dxe5 Qe6 30. Kg1 Qg6 31. Qb3 Qe4 32. Kf2 Qd4+ 33. Kg2 Qd2+ 34.
Kf3 h5 35. e6 fxe6 36. Be5 Qe1 0-1

[Event "Magistral Endesa Norma GM"]
[Site "Santiago de Chile CHI"]
[Date "2007.10.09"]
[Round "2.1"]
[White "Rojas Keim, Luis"]
[Black "Hellsten, Johann"]
[Result "1/2-1/2"]
[WhiteElo "2358"]
[BlackElo "2534"]
[PlyCount "89"]
[EventDate "2007.10.08"]
[EventType "tourn"]
[EventRounds "9"]
[EventCountry "CHI"]
[EventCategory "7"]
[Source "lmi"]
[SourceDate "2007.10.08"]

1. e4 c5 2. Nf3 e6 3. d4 cxd4 4. Nxd4 a6 5. Bd3 Nf6 6. Qe2 d6 7. O-O Nbd7 8. c4
Ne5 9. Bc2 Bd7 10. Kh1 Qb6 11. Rd1 Qc7 12. b3 Be7 13. Nd2 Ng6 14. Bb2 O-O 15.
Rac1 Rac8 16. Qe3 Rfe8 17. h3 Qb8 18. f4 e5 19. fxe5 dxe5 20. Nf5 Bc5 21. Qg3
Bxf5 22. exf5 Nf4 23. Qf3 Bd4 24. Ba1 Bxa1 25. Rxa1 b5 26. Ne4 Nxe4 27. Qxe4
Nh5 28. Qh4 Nf6 29. Bd3 e4 30. Be2 Qe5 31. Rf1 e3 32. Qf4 Qb2 33. Rfe1 bxc4 34.
Bxc4 a5 35. Rad1 Re4 36. Qf3 Rce8 37. Bb5 e2 38. Rb1 Qxb1 39. Rxb1 e1=Q+ 40.
Rxe1 Rxe1+ 41. Kh2 R8e4 42. Bd3 Re8 43. Bb5 R8e4 44. Bd3 Re8 45. Bb5 1/2-1/2

[Event "Magistral Endesa Norma GM"]
[Site "Santiago de Chile CHI"]
[Date "2007.10.09"]
[Round "2.2"]
[White "Alonso, Salvador"]
[Black "Valiente, Cristobal"]
[Result "1-0"]
[WhiteElo "2403"]
[BlackElo "2275"]
[PlyCount "75"]
[EventDate "2007.10.08"]
[EventType "tourn"]
[EventRounds "9"]
[EventCountry "CHI"]
[EventCategory "7"]
[Source "lmi"]
[SourceDate "2007.10.08"]

1. d4 d5 2. Nf3 Nf6 3. g3 e6 4. Bg2 Be7 5. O-O O-O 6. c4 c6 7. Nc3 Nbd7 8. Nd2
Nb6 9. b3 c5 10. dxc5 Bxc5 11. cxd5 exd5 12. Bb2 Bg4 13. Nf3 Re8 14. Rc1 Rc8
15. Nb5 a6 16. Nbd4 Qd7 17. Qd2 Ne4 18. Qa5 Qd6 19. a3 Nd7 20. Rfd1 Bb6 21. Qe1
Ndc5 22. h3 Bxf3 23. Bxf3 Ng5 24. Bg2 Nxb3 25. Nf5 Qf8 26. Bxg7 Qxa3 27. Rxc8
Rxc8 28. Bb2 Qxb2 29. Ne7+ Kf8 30. Nxc8 Ba5 31. Rb1 Qc2 32. Qd1 Qxd1+ 33. Rxd1
Nd2 34. Bxd5 b5 35. Ra1 Bb4 36. Rxa6 Nxh3+ 37. Kg2 Ng5 38. Rb6 1-0

[Event "Magistral Endesa Norma GM"]
[Site "Santiago de Chile CHI"]
[Date "2007.10.09"]
[Round "2.3"]
[White "Valdes Escobar, Alvaro"]
[Black "Flores Rios, Mauricio"]
[Result "0-1"]
[WhiteElo "2354"]
[BlackElo "2417"]
[PlyCount "72"]
[EventDate "2007.10.08"]
[EventType "tourn"]
[EventRounds "9"]
[EventCountry "CHI"]
[EventCategory "7"]
[Source "lmi"]
[SourceDate "2007.10.08"]

1. c4 Nf6 2. Nc3 g6 3. e4 d6 4. d4 Bg7 5. Nf3 O-O 6. Be2 e5 7. O-O Na6 8. Re1
Qe8 9. Bf1 Bg4 10. d5 Nb4 11. Rb1 Bxf3 12. Qxf3 Nc2 13. Rd1 Nd4 14. Qd3 c5 15.
Ne2 Nd7 16. f3 f5 17. a3 Qf7 18. Be3 f4 19. Bf2 g5 20. b4 b6 21. a4 Qg6 22. a5
cxb4 23. axb6 Nc5 24. Qd2 a5 25. Nxd4 exd4 26. Bxd4 Bxd4+ 27. Qxd4 Rfe8 28. e5
Rxe5 29. b7 Rb8 30. Qa1 Rxb7 31. Qxa5 b3 32. Bd3 Qe8 33. Qd2 Re3 34. Bf5 Qe5
35. Be6+ Kg7 36. Qa5 Nxe6 0-1

[Event "Magistral Endesa Norma GM"]
[Site "Santiago de Chile CHI"]
[Date "2007.10.09"]
[Round "2.4"]
[White "Vasquez Schroder, Rodrigo"]
[Black "Valenzuela Fuentealba, Luis"]
[Result "0-1"]
[WhiteElo "2522"]
[BlackElo "2434"]
[PlyCount "94"]
[EventDate "2007.10.08"]
[EventType "tourn"]
[EventRounds "9"]
[EventCountry "CHI"]
[EventCategory "7"]
[Source "lmi"]
[SourceDate "2007.10.08"]

1. e4 c5 2. Nf3 d6 3. Bc4 Nf6 4. d3 e6 5. Bb3 Be7 6. O-O O-O 7. c3 Nc6 8. Re1
b5 9. d4 d5 10. e5 Nd7 11. Nbd2 b4 12. Nf1 bxc3 13. bxc3 Ba6 14. Ng3 Rc8 15.
Bc2 g6 16. a3 Qa5 17. Bd2 Bc4 18. h4 Rb8 19. Nf1 Bxf1 20. Rxf1 Nb6 21. c4 Qa6
22. cxd5 Nxd5 23. dxc5 Rfd8 24. Qe1 Bxc5 25. Qe4 Nde7 26. Be3 Qa5 27. Bg5 Nd4
28. Nxd4 Rxd4 29. Qf3 Nd5 30. Rfb1 Bb6 31. Bb3 Re8 32. g3 h5 33. Rd1 Rxd1+ 34.
Rxd1 Bc7 35. Bxd5 exd5 36. Rxd5 Qe1+ 37. Kg2 Rxe5 38. Rxe5 Bxe5 39. Qa8+ Kg7
40. Qxa7 Qe4+ 41. f3 Qc2+ 42. Qf2 Qb3 43. Bc1 Kh7 44. Qd2 Bf6 45. Qe2 Bd4 46.
Qe4 Qa2+ 47. Kh3 Bg1 0-1

[Event "Magistral Endesa Norma GM"]
[Site "Santiago de Chile CHI"]
[Date "2007.10.09"]
[Round "2.5"]
[White "Ricardi, Pablo"]
[Black "Lopez Silva, Hugo"]
[Result "1-0"]
[WhiteElo "2519"]
[BlackElo "2389"]
[PlyCount "57"]
[EventDate "2007.10.08"]
[EventType "tourn"]
[EventRounds "9"]
[EventCountry "CHI"]
[EventCategory "7"]
[Source "lmi"]
[SourceDate "2007.10.08"]

1. e4 e5 2. Nf3 Nc6 3. Bb5 a6 4. Ba4 Nf6 5. O-O b5 6. Bb3 Be7 7. Re1 d6 8. c3
O-O 9. h3 Bb7 10. d4 Re8 11. Nbd2 Bf8 12. a4 h6 13. Bc2 exd4 14. cxd4 Nb4 15.
Bb1 c5 16. d5 Nd7 17. Ra3 f5 18. e5 Nxe5 19. Nxe5 dxe5 20. Bxf5 Qxd5 21. Rg3 e4
22. Bxe4 Qf7 23. Ree3 Bxe4 24. Nxe4 Rad8 25. Qg4 Rd4 26. Rgf3 Qc7 27. Bd2 Red8
28. Qg6 Kh8 29. Rf7 1-0

[Event "Magistral Endesa Norma GM"]
[Site "Santiago de Chile CHI"]
[Date "2007.10.10"]
[Round "3.1"]
[White "Lopez Silva, Hugo"]
[Black "Rojas Keim, Luis"]
[Result "1-0"]
[WhiteElo "2389"]
[BlackElo "2358"]
[PlyCount "43"]
[EventDate "2007.10.08"]
[EventType "tourn"]
[EventRounds "9"]
[EventCountry "CHI"]
[EventCategory "7"]
[Source "lmi"]
[SourceDate "2007.10.08"]

1. c4 c6 2. e4 d5 3. exd5 cxd5 4. d4 Nf6 5. Nc3 e6 6. c5 Be7 7. Nf3 O-O 8. Bd3
b6 9. b4 Nc6 10. a3 bxc5 11. bxc5 e5 12. dxe5 Ng4 13. Nxd5 Bxc5 14. O-O Ncxe5
15. Nxe5 Nxe5 16. Bxh7+ Kxh7 17. Qc2+ f5 18. Qxc5 Ba6 19. Rd1 Be2 20. Rd4 Rc8
21. Ne7 Ng4 22. Rxd8 1-0

[Event "Magistral Endesa Norma GM"]
[Site "Santiago de Chile CHI"]
[Date "2007.10.10"]
[Round "3.2"]
[White "Valenzuela Fuentealba, Luis"]
[Black "Ricardi, Pablo"]
[Result "1/2-1/2"]
[WhiteElo "2434"]
[BlackElo "2519"]
[PlyCount "41"]
[EventDate "2007.10.08"]
[EventType "tourn"]
[EventRounds "9"]
[EventCountry "CHI"]
[EventCategory "7"]
[Source "lmi"]
[SourceDate "2007.10.08"]

1. d4 Nf6 2. Nf3 g6 3. c4 Bg7 4. Nc3 O-O 5. e4 d6 6. Be2 e5 7. d5 a5 8. Bg5 h6
9. Bh4 Na6 10. Nd2 Qe8 11. a3 Bd7 12. b3 Nc5 13. O-O Nfxe4 14. Ndxe4 Nxe4 15.
Nxe4 f5 16. Nd2 g5 17. Bh5 Qe7 18. Bg3 g4 19. Ne4 fxe4 20. Bxg4 Be8 21. Bh5
1/2-1/2

[Event "Magistral Endesa Norma GM"]
[Site "Santiago de Chile CHI"]
[Date "2007.10.10"]
[Round "3.3"]
[White "Flores Rios, Mauricio"]
[Black "Vasquez Schroder, Rodrigo"]
[Result "1-0"]
[WhiteElo "2417"]
[BlackElo "2522"]
[PlyCount "115"]
[EventDate "2007.10.08"]
[EventType "tourn"]
[EventRounds "9"]
[EventCountry "CHI"]
[EventCategory "7"]
[Source "lmi"]
[SourceDate "2007.10.08"]

1. e4 c5 2. Nf3 d6 3. d4 cxd4 4. Nxd4 Nf6 5. Nc3 Nc6 6. Bg5 e6 7. Qd2 a6 8.
O-O-O h6 9. Nxc6 bxc6 10. Bf4 d5 11. Qe3 Bb4 12. a3 Ba5 13. Be2 Qb6 14. Qg3
Bxc3 15. Qxc3 O-O 16. Be3 Qd8 17. e5 Nd7 18. Qxc6 Rb8 19. f4 Bb7 20. Qd6 Rc8
21. Bd3 Rc6 22. Qb4 Qc7 23. Kb1 a5 24. Qe7 Ba6 25. Bxa6 Rxa6 26. Rhf1 Rc6 27.
f5 Rxc2 28. Bd4 Qc6 29. fxe6 fxe6 30. Rxf8+ Nxf8 31. Qd8 Qc4 32. Qxa5 Rxg2 33.
Qc3 Qa4 34. Rd2 Rg4 35. Ka2 Ng6 36. b3 Qa6 37. b4 Ne7 38. Rb2 Qa4 39. Bc5 Nc6
40. Qb3 Qa8 41. Rf2 Kh7 42. Re2 Rc4 43. Kb2 Rf4 44. Qd3+ Kh8 45. Qg6 Qc8 46.
Qd3 Qb7 47. Ka2 Qa8 48. Kb2 Qb7 49. Ka2 Qf7 50. b5 Na5 51. b6 Qd7 52. Qa6 Ra4
53. Rb2 d4 54. Qa8+ Kh7 55. Qe4+ Kg8 56. b7 Nxb7 57. Qxb7 Qe8 58. Qb8 1-0

[Event "Magistral Endesa Norma GM"]
[Site "Santiago de Chile CHI"]
[Date "2007.10.10"]
[Round "3.4"]
[White "Valiente, Cristobal"]
[Black "Valdes Escobar, Alvaro"]
[Result "0-1"]
[WhiteElo "2275"]
[BlackElo "2354"]
[PlyCount "102"]
[EventDate "2007.10.08"]
[EventType "tourn"]
[EventRounds "9"]
[EventCountry "CHI"]
[EventCategory "7"]
[Source "lmi"]
[SourceDate "2007.10.08"]

1. c4 Nf6 2. Nf3 c5 3. Nc3 b6 4. e3 e6 5. d4 cxd4 6. exd4 d5 7. cxd5 Nxd5 8.
Bb5+ Bd7 9. Bxd7+ Nxd7 10. Nxd5 exd5 11. O-O Be7 12. Bf4 O-O 13. Rc1 Nf6 14.
Ne5 Re8 15. Re1 Bf8 16. Bg5 h6 17. Bh4 g5 18. Bg3 Rc8 19. h4 Rxc1 20. Qxc1 Ne4
21. Nc6 Qd7 22. Ne5 Qc8 23. Qd1 Nxg3 24. fxg3 f6 25. Nf3 Bd6 26. Qb1 Rxe1+ 27.
Qxe1 g4 28. Nd2 Kf7 29. Nf1 Qe6 30. Qd2 Kg6 31. Qc2+ Qe4 32. Qxe4+ dxe4 33. Kf2
f5 34. Ne3 Kf6 35. Nd5+ Ke6 36. Nc3 e3+ 37. Kxe3 Bxg3 38. h5 Kf6 39. Nd5+ Kg5
40. Ne7 Bf4+ 41. Kf2 a6 42. b3 Bc7 43. g3 f4 44. gxf4+ Bxf4 45. Nd5 b5 46. Nxf4
Kxf4 47. Kg2 b4 48. Kf2 Ke4 49. Kg3 Kxd4 50. Kxg4 Ke4 51. Kg3 Kf5 0-1

[Event "Magistral Endesa Norma GM"]
[Site "Santiago de Chile CHI"]
[Date "2007.10.10"]
[Round "3.5"]
[White "Hellsten, Johann"]
[Black "Alonso, Salvador"]
[Result "1/2-1/2"]
[WhiteElo "2534"]
[BlackElo "2403"]
[PlyCount "44"]
[EventDate "2007.10.08"]
[EventType "tourn"]
[EventRounds "9"]
[EventCountry "CHI"]
[EventCategory "7"]
[Source "lmi"]
[SourceDate "2007.10.08"]

1. d4 d5 2. c4 c6 3. Nc3 Nf6 4. cxd5 cxd5 5. Bf4 Nc6 6. e3 a6 7. Bd3 Bg4 8.
Nge2 e6 9. Rc1 Be7 10. O-O O-O 11. a3 Rc8 12. Na4 Nd7 13. b4 e5 14. dxe5 Ndxe5
15. f3 Be6 16. Nc5 Nxd3 17. Qxd3 Qb6 18. Nd4 Nxd4 19. Qxd4 Rfe8 20. Be5 f6 21.
Nxe6 Qxe6 22. Bc7 Bf8 1/2-1/2

[Event "Magistral Endesa Norma GM"]
[Site "Santiago de Chile CHI"]
[Date "2007.10.11"]
[Round "4.1"]
[White "Rojas Keim, Luis"]
[Black "Alonso, Salvador"]
[Result "1-0"]
[WhiteElo "2358"]
[BlackElo "2403"]
[PlyCount "69"]
[EventDate "2007.10.08"]
[EventType "tourn"]
[EventRounds "9"]
[EventCountry "CHI"]
[EventCategory "7"]
[Source "lmi"]
[SourceDate "2007.10.08"]

1. e4 c5 2. Nf3 Nc6 3. d4 cxd4 4. Nxd4 e6 5. Nc3 Qc7 6. Be3 a6 7. Qd2 Nf6 8.
O-O-O Be7 9. f3 h5 10. f4 Bb4 11. Bd3 b5 12. Kb1 Bb7 13. Nb3 Rc8 14. Bc5 Bxc5
15. Nxc5 d6 16. Nxb7 Qxb7 17. Rhe1 b4 18. Na4 e5 19. Qe2 Nd4 20. Bxa6 Rxc2 21.
Qxc2 Qxa6 22. Rxd4 exd4 23. e5 dxe5 24. Nc5 Qa8 25. Rxe5+ Kf8 26. Ne4 Nd7 27.
Rb5 Rh6 28. Rxb4 Rc6 29. Qd3 Qc8 30. a3 Nf6 31. Nxf6 gxf6 32. Qxd4 Rc1+ 33. Ka2
Qe6+ 34. Rb3 Qe1 35. Qd8+ 1-0

[Event "Magistral Endesa Norma GM"]
[Site "Santiago de Chile CHI"]
[Date "2007.10.11"]
[Round "4.2"]
[White "Valdes Escobar, Alvaro"]
[Black "Hellsten, Johann"]
[Result "0-1"]
[WhiteElo "2354"]
[BlackElo "2534"]
[PlyCount "132"]
[EventDate "2007.10.08"]
[EventType "tourn"]
[EventRounds "9"]
[EventCountry "CHI"]
[EventCategory "7"]
[Source "lmi"]
[SourceDate "2007.10.08"]

1. c4 e5 2. Nc3 Nf6 3. Nf3 Nc6 4. g3 Bc5 5. Bg2 d6 6. d3 h6 7. O-O a6 8. a3 O-O
9. b4 Ba7 10. Bb2 Be6 11. Rc1 Qd7 12. Nd2 Bh3 13. Nd5 Nxd5 14. cxd5 Bxg2 15.
Kxg2 Ne7 16. e4 c6 17. dxc6 Nxc6 18. Qb3 Rac8 19. Nf3 Qe6 20. Qxe6 fxe6 21. Rc2
Rc7 22. Nd2 Rcf7 23. Nc4 Bb8 24. Re2 g5 25. h3 Kh7 26. Ne3 h5 27. Rd1 Ba7 28.
Rf1 Rf3 29. Ree1 Kg6 30. Bc1 b5 31. Rd1 R3f7 32. Bb2 Rc8 33. Rc1 Rfc7 34. Nc2
d5 35. Ne3 dxe4 36. dxe4 Bd4 37. Nd1 g4 38. hxg4 hxg4 39. f4 gxf3+ 40. Rxf3
Bxb2 41. Nxb2 Nd4 42. Rxc7 Rxc7 43. Rf2 Rc3 44. Rd2 Re3 45. Nd3 Rxe4 46. Kf2
Kf5 47. Nc5 Rg4 48. Nxa6 Ke4 49. Nc5+ Kd5 50. a4 bxa4 51. Nxa4 Rg8 52. Nc5 Rf8+
53. Kg2 Rb8 54. Nd3 e4 55. Nf4+ Kc4 56. Kf2 Rxb4 57. Ne2 Nf5 58. Rd8 e5 59. Re8
Kd5 60. g4 e3+ 61. Kf3 Nd4+ 62. Nxd4 exd4 63. g5 Rb6 64. Re4 Rb2 65. Rg4 Rf2+
66. Kg3 Rf1 0-1

[Event "Magistral Endesa Norma GM"]
[Site "Santiago de Chile CHI"]
[Date "2007.10.11"]
[Round "4.3"]
[White "Vasquez Schroder, Rodrigo"]
[Black "Valiente, Cristobal"]
[Result "1/2-1/2"]
[WhiteElo "2522"]
[BlackElo "2275"]
[PlyCount "39"]
[EventDate "2007.10.08"]
[EventType "tourn"]
[EventRounds "9"]
[EventCountry "CHI"]
[EventCategory "7"]
[Source "lmi"]
[SourceDate "2007.10.08"]

1. d4 Nf6 2. c4 e6 3. Nc3 c5 4. d5 d6 5. e4 exd5 6. cxd5 g6 7. h3 Bg7 8. Nf3
O-O 9. Bd3 Na6 10. O-O Nc7 11. a4 b6 12. Bf4 a6 13. Qd2 Re8 14. Rfe1 Bb7 15.
Bg5 Qd7 16. Qf4 Nh5 17. Qh4 h6 18. Bd2 b5 19. Qg4 Qd8 20. Nh2 1/2-1/2

[Event "Magistral Endesa Norma GM"]
[Site "Santiago de Chile CHI"]
[Date "2007.10.11"]
[Round "4.4"]
[White "Ricardi, Pablo"]
[Black "Flores Rios, Mauricio"]
[Result "0-1"]
[WhiteElo "2519"]
[BlackElo "2417"]
[PlyCount "120"]
[EventDate "2007.10.08"]
[EventType "tourn"]
[EventRounds "9"]
[EventCountry "CHI"]
[EventCategory "7"]
[Source "lmi"]
[SourceDate "2007.10.08"]

1. e4 c5 2. Nf3 e6 3. d4 cxd4 4. Nxd4 Nc6 5. Be2 Qc7 6. O-O a6 7. Kh1 Nf6 8.
Nc3 Nxd4 9. Qxd4 Bc5 10. Qd3 h5 11. f4 b5 12. Bf3 Bb7 13. e5 Ng4 14. Bxb7 Qxb7
15. Ne4 Rc8 16. Bd2 Be7 17. Rae1 O-O 18. a3 Qc6 19. Bc3 Nh6 20. Qe2 h4 21. Rf3
Ng4 22. f5 exf5 23. Rxf5 Nh6 24. Rf3 Qg6 25. Rd3 Nf5 26. Rxd7 Rfd8 27. Rxd8+
Bxd8 28. Nd6 Nxd6 29. exd6 Bb6 30. d7 Rd8 31. h3 Qf5 32. Qe8+ Kh7 33. Qe7 f6
34. Qe6 Qxe6 35. Rxe6 Bc7 36. Re4 Rxd7 37. Rxh4+ Kg6 38. Rd4 Re7 39. g4 Re2 40.
Rd2 Re3 41. Rd3 Re2 42. Rd2 Re3 43. Rd3 Re2 44. Bd2 Be5 45. b3 Kf7 46. Kg1 Ke6
47. Kf1 Rh2 48. c4 Rh1+ 49. Ke2 Ra1 50. cxb5 axb5 51. Bb4 g5 52. Kf3 Rb1 53. a4
bxa4 54. bxa4 Rxb4 55. Ra3 Bd6 56. Ra2 Rb3+ 57. Ke4 Bc5 58. Re2 Rxh3 59. a5 Ra3
60. a6 Rxa6 0-1

[Event "Magistral Endesa Norma GM"]
[Site "Santiago de Chile CHI"]
[Date "2007.10.11"]
[Round "4.5"]
[White "Lopez Silva, Hugo"]
[Black "Valenzuela Fuentealba, Luis"]
[Result "0-1"]
[WhiteElo "2389"]
[BlackElo "2434"]
[PlyCount "56"]
[EventDate "2007.10.08"]
[EventType "tourn"]
[EventRounds "9"]
[EventCountry "CHI"]
[EventCategory "7"]
[Source "lmi"]
[SourceDate "2007.10.08"]

1. e4 c5 2. Nf3 d6 3. d4 cxd4 4. Nxd4 Nf6 5. Nc3 a6 6. h3 g6 7. g4 Bg7 8. g5
Nh5 9. Be3 O-O 10. Qd2 Nc6 11. O-O-O Nxd4 12. Bxd4 Bxd4 13. Qxd4 e5 14. Qd2 Be6
15. h4 Qa5 16. a3 Rad8 17. Be2 Nf4 18. h5 Qc5 19. Rh2 b5 20. Bf3 a5 21. Qe3 b4
22. axb4 Qxb4 23. Rdh1 Rd7 24. Bd1 Rb8 25. b3 Rc7 26. Ne2 Bxb3 27. Nxf4 Bxc2
28. Nd5 Bxe4+ 0-1